000 00775 a2200145 4500
999 _c7881
_d7881
020 _a9781842464762
050 _aTR 726.T7
100 _aParker , Edward
245 _aphotographing trees
264 _aEngland
_bkew Pub
_c2012
300 _a120p, col ill ; 26cm
500 _a How to improve your photographs. Composition ; Foreground ; Background ; Light ; Lens effects ; Viewpoint ; Organisation and planning ahead -- How to take control of your camera. Taking control of exposure ; Focus ; Using aperture priority (A or AV) ; Shutter ; Flash ; Image quality -- How to photograph trees. Whole tree ; Filling the frame ; Tree trunks ; Leaves ; Bark ; Fruit, seeds and flowers ; Woods and forests ; Scale.
650 _xphotographing trees
942 _2lcc
_cBK
_h726
_iPAR
_kTR